000 00616nam a2200229Ia 4500
003 OSt
005 20221007080654.0
006 a|||||r|||| 00| 0
007 ta
008 221006b |||||||| |||| 00| 0 eng d
024 _a26,143
037 _cTextual
040 _aFLL
_cFLL
_beng
041 _2eng
_aeng
082 _aW:5, P3.2
100 _aBahmueller Charles F.
_9695211
245 0 _aHuman rights violations
260 _aNew Jersey
_b Salem Press, Inc. New
_c2003
300 _axlii,289-588p
_ccm.
942 _hW:5, P3.2
_cTEXL
_2CC
999 _c1160494
_d1160494